|
|
|
|
| LEADER |
00000nam a22000007a 4500 |
| 005 |
20130118111842.0 |
| 007 |
cr|||| |||| |
| 008 |
130118e2012 bl ||||| |||| 00||0 por d |
| 020 |
|
|
|a 978-85-8085-010-9
|
| 035 |
|
|
|a 6898
|
| 040 |
|
|
|a vLex
|
| 090 |
|
|
|c 3543
|d 3543
|
| 100 |
1 |
0 |
|a De Marchi, Charles
|
| 245 |
1 |
2 |
|a A aposentadoria especial no municp̕io
|h [Recurso electrn̤ico]
|
| 256 |
|
|
|a Servicio en ln̕ea
|
| 260 |
|
|
|a Sô Paulo :
|b Editoria mundo jurd̕ico,
|c 2012
|
| 300 |
|
|
|a 1 Recursos electrn̤icos
|
| 650 |
0 |
4 |
|a Derecho administrativo
|
| 650 |
0 |
4 |
|a Administracin̤ local
|
| 740 |
|
|
|a vLex Libros (Servicio en ln̕ea)
|
| 856 |
|
|
|a Acceso restringido
|u http://www.vlex.com/source/6898
|
| 942 |
|
|
|c BOOK
|
| 999 |
|
0 |
|a Local government
|